Historische Personen als Influencer - Statistiken

Allgemein
  • Dieses Quiz wurde 67 mal gespielt
  • Das Durchschnittsergebnis liegt bei 5 aus 8
Antwortstatistiken
Beschreibung Persönlichkeit % Korrekt
Luxus-Influencerin mit antikem Stil. Macht Schmink-Tutorials mit Gold und Krokodilöl, kooperiert mit ägyptischen Duftmarken. Lieblingsfilter: Sonnenuntergang am Nil. Kleopatra
97%
Tech-Guru, der ständig geniale Lifehacks droppt - von Gravity-Hacks bis hin zu coolen Apfel-Memes. Postet oft Live-Experimente und Wissenschafts-Selfies. Isaac Newton
84%
Reise-Vlogger mit Fokus auf Eroberungscontent. Postet Maps, macht Reels mit Pferde-Cameos und hat ein riesiges Empire-Highlight auf seinem Profil. Motto: #VeniVidiVici Julius Cäsar
71%
Renaissance-Lit-Star mit fettem Follower-Base, nonstop Theater-Snippets und epische Zitate droppt - seine Stories sind Drama pur und werden viral gefeiert. William Shakespeare
66%
Ernährungs-Influencer mit Fokus auf Askese, Selbstfindung und Schweige-Retreats. Beliebte Formate: 'MeditationMonday' und 'Erleuchtung in 7 Tagen'. Buddha
47%
Französische Storytime-Influencerin mit Rüstung. Postet Reenactments und Voiceovers zur Heiligen Führung, macht Q&As mit Erzengel Michael. #SchwertDesGlaubens Jeanne d'Arc
47%
Dieser OG-Philosoph liebt es, auf Insta Stories über seine Deep-Talks zu posten, stellt seinen Followern ständig Fragen, die sie zum Nachdenken anregen - und hat den Hashtag #KnowYourself gepusht. Sokrates
31%
Gaming-Influencer aus dem 20. Jahrhundert. Spielt live GeoGuessr - ohne Google Maps. Hat 240 Länder auswendig gelernt. Lieblingsmap: Kalter Krieg. Winston Churchill
9%
Keine übereinstimmenden Quizze gefunden
Verteilung der Resultate
Anzahl Personen mit jedem Resultat
Perzentil nach korrekt beantworteten Fragen
Ihre Resultats-Entwicklung
Sie haben dieses Quiz noch nicht gespielt